Catálogo público

Campo de estudio cerveza artesanal / (Record no. 178800)

MARC details
000 -CABECERA
campo de control de longitud fija 01795nam a2200397Ia 4500
001 - NÚMERO DE CONTROL
campo de control dia_6489
003 - IDENTIFICADOR DEL NÚMERO DE CONTROL
campo de control CHAP
005 - FECHA Y HORA DE LA ÚLTIMA TRANSACCIÓN
campo de control 20240624180723.0
007 - CAMPO FIJO DE DESCRIPCIÓN FÍSICA--INFORMACIÓN GENERAL
campo de control de longitud fija ta
008 - DATOS DE LONGITUD FIJA--INFORMACIÓN GENERAL
campo de control de longitud fija 220117s2017 mx abeof 001 0 spa d
040 ## - FUENTE DE LA CATALOGACIÓN
Centro catalogador/agencia de origen mxchpua
Centro/agencia transcriptor CHAP
090 ## - LOCALMENTE ASIGNADO TIPO-LC NÚMERO DE CLASIFICACIÓN (OCLC); NÚMERO DE CLASIFICACIÓN LOCAL (RLIN)
Número de clasificación (OCLC) (R) ; Numero de clasificación, CALL (RLIN) (NR) T.C.727
Número cutter local (OCLC) ; Número de libro/Signatura topográfica íntegra, CALL (RLIN) R36 SAI
Año 2017
245 10 - MENCIÓN DE TÍTULO
Título Campo de estudio cerveza artesanal /
Mención de responsabilidad, etc. coordinador Marco Favio Ramírez Sepúlveda ; colaboradores Fabiola Aguilar Aguilar...[y otros]
260 ## - PUBLICACIÓN, DISTRIBUCIÓN, ETC.
Lugar de publicación, distribución, etc. México :
Nombre del editor, distribuidor, etc. El autor,
Fecha de publicación, distribución, etc. 2017
300 ## - DESCRIPCIÓN FÍSICA
Extensión 283 hojas :
Otras características físicas ilustraciones, tablas, gráficas, mapas, fotos
336 ## - TIPO DE CONTENIDO
Fuente rdacontent
Término de tipo de contenido texto
Código de tipo de contenido txt
337 ## - TIPO DE MEDIO
Fuente rdamedia
Nombre/término del tipo de medio no mediado
Código del tipo de medio n
338 ## - TIPO DE SOPORTE
Fuente rdacarrier
Nombre/término del tipo de soporte volumen
Código del tipo de soporte nc
500 ## - NOTA GENERAL
Nota general Grado: 6° año Grupo: 03<br/>Directorio: hojas 280-283
502 ## - NOTA DE TESIS
Nota de tesis Viaje de Estudios
Tipo de título (SAI) --
Nombre de la institución que otorga el título UACh. Departamento de Ingeniería Agroindustrial,
Año de obtención del título 2017
504 ## - NOTA DE BIBLIOGRAFÍA, ETC.
Nota de bibliografía, etc. Bibliografía: hojas 210-212
505 00 - NOTA DE CONTENIDO CON FORMATO
Título Empresas visitadas: --<br/>1.Berber --<br/>2.Beer Boutique --<br/>3.Compañía cervecera de Zacatecas, S. de R. L. de C. V. --<br/>4.27 Cervecería --<br/>5.Cervecería Primus --<br/>6.Colombo --<br/>7.Colima --<br/>8.Gelingen --<br/>9.INIFAP --<br/>10.Loba --<br/>11.La Blanca --<br/>12.Minerva --<br/>13.Villagran produce --<br/>14.Sierra Fría --<br/>15.Triana --<br/>16.Tres Islas
650 13 - PUNTO DE ACCESO ADICIONAL DE MATERIA--TÉRMINO DE MATERIA
Término de materia o nombre geográfico como elemento de entrada Cervezas
9 (RLIN) 149283
650 10 - PUNTO DE ACCESO ADICIONAL DE MATERIA--TÉRMINO DE MATERIA
Término de materia o nombre geográfico como elemento de entrada Industria cervecera
Subdivisión geográfica México
9 (RLIN) 149284
650 13 - PUNTO DE ACCESO ADICIONAL DE MATERIA--TÉRMINO DE MATERIA
Término de materia o nombre geográfico como elemento de entrada Beers
9 (RLIN) 149281
650 10 - PUNTO DE ACCESO ADICIONAL DE MATERIA--TÉRMINO DE MATERIA
Término de materia o nombre geográfico como elemento de entrada Brewing industry
Subdivisión geográfica México
9 (RLIN) 149282
700 1# - PUNTO DE ACCESO ADICIONAL--NOMBRE DE PERSONA
Nombre de persona Ramírez Sepúlveda, Marco Favio
9 (RLIN) 150304
Término indicativo de función/relación coordinador
700 1# - PUNTO DE ACCESO ADICIONAL--NOMBRE DE PERSONA
Nombre de persona Aguilar Aguilar, Fabiola
9 (RLIN) 137125
Término indicativo de función/relación colaborador
856 41 - LOCALIZACIÓN Y ACCESO ELECTRÓNICOS
Identificador Uniforme del Recurso <a href="http://10.13.5.2/ve/TC727SAI/TC727SAI2017-REPORTE.pdf">http://10.13.5.2/ve/TC727SAI/TC727SAI2017-REPORTE.pdf</a>
Texto de enlace DESCARGAR REPORTE
942 ## - ELEMENTOS DE PUNTO DE ACCESO ADICIONAL (KOHA)
Fuente del sistema de clasificación o colocación Clasificación Universidad Autónoma de Chapingo
901 ## - ELEMENTOS DE DATOS A LOCAL LDA (RLIN)
a T.C.727 R36 SAI 2017
902 ## - ELEMENTOS DE DATOS B LOCAL, LDB (RLIN)
a M
905 ## - ELEMENTOS DE DATOS E LOCAL, LDE (RLIN)
a 5232272017 mx nmdl8223223312spa46
942 ## - ELEMENTOS DE PUNTO DE ACCESO ADICIONAL (KOHA)
Tipo de ítem Koha Viaje de Estudios
Holdings
Estado de retiro Estado de pérdida Fuente del sistema de clasificación o colocación Estado dañado Restricciones de uso No para préstamo Código de colección Localización permanente Ubicación/localización actual Fecha de adquisición Fuente de adquisición Total de préstamos Signatura topográfica completa Código de barras Fecha visto por última vez Número de copia Precio válido a partir de Tipo de ítem Koha Fecha del último préstamo Ubicación en estantería
    Clasificación Universidad Autónoma de Chapingo   Préstamo interno   Viajes de Estudio Ingenieria Agroindustrial Ingenieria Agroindustrial 18/01/2022 El autor   T.C.727 R36 SAI 2017 1106010718 18/01/2022 Ej.2 18/01/2022 CD    
    Clasificación Universidad Autónoma de Chapingo   Préstamo interno   Viajes de Estudio Ingenieria Agroindustrial Ingenieria Agroindustrial 18/01/2022 El autor 1 T.C.727 R36 SAI 2017 1106010717 26/01/2026 Ej.1 18/01/2022 Viaje de Estudios 10/11/2022  
    Clasificación Universidad Autónoma de Chapingo       Viajes de estudio - En línea Ingenieria Agroindustrial Ingenieria Agroindustrial 18/01/2022 El autor   T.C.727 R36 SAI 2017 1206010717 08/05/2024   08/05/2024 Viajes de Estudio - En línea   En línea